[Event "World Rapid Women 2022"]
[Site "Almaty KAZ"]
[Date "2022.12.28"]
[Round "10.40"]
[White "Kirchei, Viktoriia"]
[Black "Bauyrzhan, Arnash"]
[Result "1-0"]
[WhiteTitle "WFM"]
[WhiteElo "2070"]
[BlackElo "2041"]
[WhiteFideId "34133396"]
[BlackFideId "13706322"]
[EventDate "2022.12.26"]

1. e4 c5 2. Nf3 e6 3. d3 Nc6 4. Nbd2 d5 5. g3 Nf6 6. Bg2 Be7 7. O-O O-O 8. c3
dxe4 9. dxe4 e5 10. Qc2 Qc7 11. a4 h6 12. Nc4 Be6 13. Ne3 Rfd8 14. Nh4 Bf8 15.
f4 Na5 16. fxe5 Qxe5 17. Nef5 Bb3 18. Qf2 Bc4 19. Re1 Rd7 20. Bf4 Qe6 21. Bh3
Qb6 22. e5 Nd5 23. Nxh6+ gxh6 24. Bxd7 Rd8 25. e6 Nxf4 26. Qxf4 Bxe6 27. Bxe6
c4+ 28. Kh1 fxe6 29. Qg4+ Bg7 30. Rxe6 Qxb2 31. Rae1 Qxc3 32. Re8+ Rxe8 33.
Rxe8+ Kf7 34. Qe6# 1-0

[Event "World Rapid Women 2022"]
[Site "Almaty KAZ"]
[Date "2022.12.28"]
[Round "10.41"]
[White "Kim, Kristina"]
[Black "Kovanova, Baira"]
[Result "0-1"]
[WhiteTitle "WCM"]
[BlackTitle "WGM"]
[WhiteElo "1930"]
[BlackElo "2317"]
[WhiteFideId "13712438"]
[BlackFideId "4164083"]
[EventDate "2022.12.26"]

1. d4 d5 2. Bf4 Nf6 3. e3 e6 4. Nf3 Bd6 5. Bg3 c5 6. c3 Qc7 7. Bd3 Nbd7 8. Nbd2
O-O 9. Qe2 e5 10. dxe5 Nxe5 11. Nxe5 Bxe5 12. Nf3 Bxg3 13. hxg3 Re8 14. Rd1 Bg4
15. Qc2 h6 16. Bf5 Rad8 17. Bxg4 Nxg4 18. Qf5 Rxe3+ 19. Kf1 Re4 20. Rxd5 Nf6 21.
Rd2 Rxd2 22. Nxd2 Qd8 23. f3 Qd3+ 0-1

[Event "World Rapid Women 2022"]
[Site "Almaty KAZ"]
[Date "2022.12.28"]
[Round "10.42"]
[White "Mikheeva, Galina"]
[Black "Bayasgalan, Khishigbaatar"]
[Result "1-0"]
[WhiteTitle "WFM"]
[BlackTitle "WCM"]
[WhiteElo "1969"]
[BlackElo "1811"]
[WhiteFideId "44108320"]
[BlackFideId "4904311"]
[EventDate "2022.12.26"]

1. e4 c5 2. Nf3 e6 3. g3 Nc6 4. Bg2 d6 5. O-O e5 6. c3 Bg4 7. h3 Bxf3 8. Qxf3 g6
9. d3 Bg7 10. Na3 Nge7 11. Bg5 f6 12. Bxf6 O-O 13. Bxe7 Qxe7 14. Qg4 a6 15. Nc4
Kh8 16. Nb6 Rad8 17. Nd5 Qf7 18. f4 exf4 19. Rxf4 Qg8 20. Raf1 Ne5 21. Qe2 Qe6
22. a3 b5 23. b4 Nc6 24. Qf2 Rxf4 25. gxf4 cxb4 26. axb4 Rf8 27. f5 Qd7 28. f6
Bh6 29. Qh4 Bd2 30. Rd1 Qa7+ 31. d4 g5 32. Qh6 Be3+ 33. Nxe3 Rf7 34. Qxg5 Nd8
35. Nf5 Ne6 36. Qh4 Qc7 37. Rd3 Qd8 38. Ne7 Nf8 39. Rg3 1-0

[Event "World Rapid Women 2022"]
[Site "Almaty KAZ"]
[Date "2022.12.28"]
[Round "10.43"]
[White "Nomindalai, Tumurbaatar"]
[Black "Assylkhan, Asiya"]
[Result "1-0"]
[WhiteTitle "CM"]
[WhiteElo "2132"]
[BlackElo "1430"]
[WhiteFideId "4904095"]
[BlackFideId "13752707"]
[EventDate "2022.12.26"]

1. d4 d5 2. c4 e6 3. Nf3 a6 4. g3 dxc4 5. Bg2 Nc6 6. O-O Nf6 7. e3 Rb8 8. Nfd2
Na5 9. Qa4+ c6 10. Nxc4 Nxc4 11. Qxc4 Be7 12. e4 O-O 13. Bf4 Ra8 14. Nc3 Bd7 15.
Rfd1 b5 16. Qe2 Qb6 17. d5 exd5 18. exd5 Rfe8 19. Qc2 cxd5 20. Nxd5 Nxd5 21.
Bxd5 Rac8 22. Qb3 Be6 23. Bxe6 Qxe6 24. Qxe6 fxe6 25. Rac1 Kf7 26. Rd7 Rxc1+ 27.
Bxc1 Kf8 28. Ra7 Rc8 29. Be3 Rc6 30. Kg2 Bf6 31. b3 Bc3 32. Kf3 Kg8 33. Ke4 h6
34. g4 Kh7 35. h4 Bf6 36. h5 Rd6 37. f4 Bc3 38. g5 hxg5 39. fxg5 Kg8 40. Ra8+
Kf7 41. Bc5 1-0

[Event "World Rapid Women 2022"]
[Site "Almaty KAZ"]
[Date "2022.12.28"]
[Round "10.44"]
[White "Balakanova, Bakhyt"]
[Black "Mikhaylova, Irina"]
[Result "0-1"]
[WhiteTitle "WFM"]
[BlackTitle "WGM"]
[WhiteElo "2005"]
[BlackElo "2257"]
[WhiteFideId "13705881"]
[BlackFideId "4109040"]
[EventDate "2022.12.26"]

1. e4 c5 2. Nc3 Nc6 3. g3 Rb8 4. d3 b5 5. Be3 b4 6. Nce2 e5 7. Bg2 Nf6 8. h3 Be7
9. f4 d6 10. f5 Bb7 11. g4 h6 12. Ng3 d5 13. Nf3 a5 14. O-O c4 15. dxc4 dxc4 16.
Qe2 Ba6 17. Rfd1 Qc7 18. c3 O-O 19. Nh2 a4 20. h4 Nh7 21. Nf3 a3 22. cxb4 Nxb4
23. bxa3 c3 24. Qf2 c2 25. Rdc1 Nd3 26. Qxc2 Qb7 27. Rd1 Rfc8 28. Qa4 Nf4 29.
Bxf4 exf4 30. Ne2 Bxe2 31. Rd7 Bc5+ 32. Kh2 Bb5 33. Rxb7 Bxa4 34. Rxb8 Rxb8 35.
Kh3 Bxa3 36. g5 hxg5 37. hxg5 Bc2 38. g6 fxg6 39. fxg6 Nf6 40. e5 Bf5+ 41. Kh4
Ne4 42. Nd4 Be7+ 43. Kh5 Ng3# 0-1

[Event "World Rapid Women 2022"]
[Site "Almaty KAZ"]
[Date "2022.12.28"]
[Round "10.45"]
[White "Madi, Aidana"]
[Black "Machlik, Monika"]
[Result "1/2-1/2"]
[WhiteElo "1583"]
[BlackElo "2114"]
[WhiteFideId "13722689"]
[BlackFideId "1513621"]
[EventDate "2022.12.26"]

1. e4 c6 2. d4 d5 3. Nd2 dxe4 4. Nxe4 Bf5 5. Ng3 Bg6 6. h4 h6 7. c3 e6 8. N1e2
Nf6 9. Nf4 Bh7 10. Bd3 Bxd3 11. Nxd3 Nbd7 12. Be3 Bd6 13. Nh5 Nxh5 14. Qxh5 Nf6
15. Qf3 Qc7 16. O-O-O O-O-O 17. Kb1 Qe7 18. Ne5 Kb8 19. Nc4 Bc7 20. Qe2 Rhe8 21.
g3 Nd7 22. Rhe1 Nf6 23. Qc2 Rd5 24. Bd2 Ng4 25. Ne3 Nxe3 26. Rxe3 c5 27. Rd3
Red8 28. Be3 cxd4 29. Bxd4 Qd7 30. R3d2 f5 31. Be3 Qc6 32. a3 Rxd2 33. Rxd2 Rxd2
34. Qxd2 Qd6 35. Qxd6 Bxd6 36. Kc2 1/2-1/2

[Event "World Rapid Women 2022"]
[Site "Almaty KAZ"]
[Date "2022.12.28"]
[Round "10.46"]
[White "Kaliakhmet, Elnaz"]
[Black "Druzhinina, Olga"]
[Result "1-0"]
[WhiteTitle "WFM"]
[WhiteElo "1786"]
[BlackElo "2245"]
[WhiteFideId "13730169"]
[BlackFideId "4141911"]
[EventDate "2022.12.26"]

1. d4 Nf6 2. c4 g6 3. Nc3 d5 4. cxd5 Nxd5 5. e4 Nxc3 6. bxc3 Bg7 7. Nf3 c5 8.
Be3 O-O 9. Qd2 Qa5 10. Rc1 Bg4 11. d5 e6 12. c4 Qa3 13. Be2 Na6 14. O-O b6 15.
Bh6 Bxf3 16. Bxf3 exd5 17. cxd5 Nb4 18. Bxg7 Kxg7 19. h4 f6 20. h5 Qd3 21. Qf4
Qd4 22. a3 Nd3 23. h6+ Kg8 24. Qc7 Rf7 25. Qc6 Raf8 26. Rcd1 c4 27. d6 Qc5 28.
Qxc5 Nxc5 29. e5 fxe5 30. Bd5 Rd8 31. Bxc4 Kf8 32. Bxf7 Kxf7 33. Rfe1 Ke6 34. f4
e4 35. Kf2 Rxd6 36. Rxd6+ Kxd6 37. Ke3 Ke6 38. g4 Kf6 39. Rd1 Nd3 40. Rd2 Nc5
41. Rd8 g5 42. f5 Nd3 43. Kxe4 Nc5+ 44. Kf3 Nb3 45. Rd7 a5 46. Rd6+ Kf7 47. Rxb6
Nd4+ 48. Ke4 Ne2 49. Ke5 1-0

[Event "World Rapid Women 2022"]
[Site "Almaty KAZ"]
[Date "2022.12.28"]
[Round "10.47"]
[White "Balakanova, Gulnar"]
[Black "Martins de Aguiar, Marina"]
[Result "0-1"]
[WhiteTitle "WFM"]
[WhiteElo "1743"]
[BlackElo "1877"]
[WhiteFideId "13705890"]
[BlackFideId "2143321"]
[EventDate "2022.12.26"]

1. e4 c5 2. Nc3 e6 3. Nge2 Nf6 4. g3 Nc6 5. Bg2 d5 6. exd5 Nxd5 7. O-O Be7 8.
Nxd5 exd5 9. d4 cxd4 10. Nxd4 O-O 11. Nxc6 bxc6 12. Re1 Bf6 13. c4 Be6 14. Qc2
Rb8 15. Rb1 Qd7 16. Bf1 dxc4 17. Rd1 Bf5 18. Rxd7 Bxc2 19. Ra1 c3 20. b3 Bf5 21.
Rd6 c2 22. Rxf6 gxf6 23. Bb2 Rbd8 24. Be2 Rd2 25. Kf1 Re8 26. Bf3 Bd3+ 27. Kg2
Be4 28. Bxe4 Rxe4 29. Rc1 Ree2 0-1

[Event "World Rapid Women 2022"]
[Site "Almaty KAZ"]
[Date "2022.12.28"]
[Round "10.48"]
[White "Samaganova, Aleksandra"]
[Black "Chen, Jocelyn"]
[Result "1/2-1/2"]
[WhiteTitle "WFM"]
[BlackTitle "WCM"]
[WhiteElo "1884"]
[BlackElo "1854"]
[WhiteFideId "13800221"]
[BlackFideId "30947154"]
[EventDate "2022.12.26"]

1. c4 e6 2. Nc3 d5 3. e3 Nf6 4. Nf3 c5 5. d4 Nc6 6. cxd5 Nxd5 7. Bd3 cxd4 8.
exd4 Be7 9. O-O O-O 10. Re1 Bf6 11. Bb1 Qa5 12. Qd3 g6 13. Bd2 Ndb4 14. Qe3 Nd5
15. Nxd5 Qxd5 16. Bc3 Rd8 17. Be4 Qd6 18. Red1 Ne7 19. Qe1 Nd5 20. Rac1 Bd7 21.
Bc2 Rac8 22. Bb3 Bc6 23. Ne5 b6 24. f3 Bg5 25. Bd2 Bxd2 26. Qxd2 Bb7 27. Rxc8
Rxc8 28. Ng4 Ba6 29. Qh6 Bc4 30. Rc1 b5 31. Qd2 Qa6 32. Bxc4 Rxc4 33. a3 Qc8 34.
Rxc4 Qxc4 35. Ne5 Qa4 36. h4 b4 37. Qd3 bxa3 38. bxa3 Nf4 39. Qe4 Nd5 40. Qd3
Nf4 41. Qe4 Nd5 42. Qd3 Nf4 1/2-1/2

[Event "World Rapid Women 2022"]
[Site "Almaty KAZ"]
[Date "2022.12.28"]
[Round "11.1"]
[White "Savitha, Shri B"]
[Black "Saduakassova, Dinara"]
[Result "1/2-1/2"]
[WhiteTitle "WIM"]
[BlackTitle "IM"]
[WhiteElo "2411"]
[BlackElo "2434"]
[WhiteFideId "35061887"]
[BlackFideId "13700090"]
[EventDate "2022.12.26"]

1. e4 e5 2. Nf3 Nc6 3. Bb5 a6 4. Ba4 Nf6 5. d3 d6 6. a3 g6 7. Nc3 Bg7 8. Nd5
Nxd5 9. exd5 b5 10. Bb3 Nd4 11. Nxd4 exd4 12. Qe2+ Qe7 13. Qxe7+ Kxe7 1/2-1/2

[Event "World Rapid Women 2022"]
[Site "Almaty KAZ"]
[Date "2022.12.28"]
[Round "11.2"]
[White "Abdumalik, Zhansaya"]
[Black "Koneru, Humpy"]
[Result "1/2-1/2"]
[WhiteTitle "GM"]
[BlackTitle "GM"]
[WhiteElo "2496"]
[BlackElo "2572"]
[WhiteFideId "13703544"]
[BlackFideId "5008123"]
[EventDate "2022.12.26"]

1. e4 e5 2. Nf3 Nf6 3. Nxe5 d6 4. Nf3 Nxe4 5. Nc3 Nxc3 6. dxc3 Be7 7. Be3 O-O 8.
Qd2 Nd7 9. O-O-O Nf6 10. c4 Re8 11. h4 Ne4 12. Qe1 Bf6 13. Bd3 Bg4 14. Kb1 c5
15. Bxe4 Rxe4 16. Qf1 Qb6 17. Bc1 Rae8 18. Qd3 Bxf3 19. Qxf3 Rxc4 20. Rhe1 Re5
21. h5 h6 22. Rxe5 Bxe5 23. Qf5 Rb4 24. Qc8+ Kh7 25. Qf5+ Kg8 26. Qc8+ Kh7 27.
b3 Rd4 28. Qf5+ Kg8 29. Re1 Qb4 30. Qc8+ Kh7 31. Qf5+ Kg8 32. Qc8+ Kh7 33. Qf5+
Kg8 34. Qc8+ 1/2-1/2

[Event "World Rapid Women 2022"]
[Site "Almaty KAZ"]
[Date "2022.12.28"]
[Round "11.4"]
[White "Khotenashvili, Bela"]
[Black "Kosteniuk, Alexandra"]
[Result "1/2-1/2"]
[WhiteTitle "GM"]
[BlackTitle "GM"]
[WhiteElo "2485"]
[BlackElo "2520"]
[WhiteFideId "13602640"]
[BlackFideId "4128125"]
[EventDate "2022.12.26"]

1. Nf3 d5 2. g3 Nf6 3. Bg2 c6 4. O-O Bg4 5. h3 Bh5 6. c4 e6 7. cxd5 exd5 8. d4
Nbd7 9. Qb3 Qb6 10. Qe3+ Be7 11. Nh4 Bg6 12. Nc3 Nf8 13. Nxg6 hxg6 14. Qd3 Ne6
15. Rd1 O-O 16. Rb1 a5 17. Be3 Rfd8 18. Na4 Qa7 19. f4 b5 20. Nc3 Ne8 21. Bf2
Bf6 22. e3 Nd6 23. g4 g5 24. f5 Nc7 25. b3 b4 26. Na4 Ncb5 27. Rbc1 Rac8 28. Rc2
Na3 29. Rc5 Nb7 30. Rcc1 Nd6 31. Rc5 Nb7 32. Rcc1 Nd6 33. Rc5 1/2-1/2

[Event "World Rapid Women 2022"]
[Site "Almaty KAZ"]
[Date "2022.12.28"]
[Round "11.5"]
[White "Goryachkina, Aleksandra"]
[Black "Gunina, Valentina"]
[Result "1-0"]
[WhiteTitle "GM"]
[BlackTitle "GM"]
[WhiteElo "2584"]
[BlackElo "2476"]
[WhiteFideId "4147103"]
[BlackFideId "4167570"]
[EventDate "2022.12.26"]

1. d4 d5 2. c4 c6 3. cxd5 cxd5 4. Bf4 Nc6 5. e3 Nf6 6. Nc3 a6 7. Be2 Bf5 8. Nf3
Rc8 9. O-O e6 10. Qb3 Na5 11. Qa4+ Nc6 12. Ne5 Qb6 13. Rfc1 Be7 14. Nxc6 Rxc6
15. Nd1 O-O 16. Rxc6 bxc6 17. Rc1 c5 18. dxc5 Bxc5 19. Qxa6 Qb4 20. a3 Qe1+ 21.
Bf1 d4 22. Rxc5 d3 23. Rxf5 d2 24. Rxf6 Qxd1 25. e4 gxf6 26. Qd6 Rc8 27. Qxd2
Qb1 28. Bh6 Qxe4 29. b4 Qg6 30. b5 Kh8 31. b6 Rg8 32. a4 e5 33. a5 f5 34. b7 f4
35. Bxf4 Qe4 36. Bg3 f6 37. Qd6 1-0

[Event "World Rapid Women 2022"]
[Site "Almaty KAZ"]
[Date "2022.12.28"]
[Round "11.6"]
[White "Dzagnidze, Nana"]
[Black "Maltsevskaya, Aleksandra"]
[Result "1/2-1/2"]
[WhiteTitle "GM"]
[BlackTitle "IM"]
[WhiteElo "2517"]
[BlackElo "2400"]
[WhiteFideId "13601903"]
[BlackFideId "24174041"]
[EventDate "2022.12.26"]

1. c4 c5 2. Nf3 Nc6 3. b3 e5 4. Bb2 d6 5. d3 g6 6. g3 Bg7 7. Bg2 f5 8. O-O Nf6
9. Nc3 O-O 10. e3 f4 11. exf4 exf4 12. Ne2 fxg3 13. fxg3 Ng4 14. Bxg7 Kxg7 15.
Qd2 Qe7 16. Qb2+ Qf6 17. Qd2 Qe7 18. Qb2+ Qf6 19. Qxf6+ Rxf6 20. Ng5 Rxf1+ 21.
Rxf1 Bf5 22. Nc3 Ne3 23. Re1 Nxg2 24. Kxg2 Bxd3 25. Rd1 Bf5 26. Rxd6 Re8 27. Rd2
Re1 28. Nf3 Rc1 29. Ne2 Ra1 30. Nc3 Nb4 31. Kf2 Bh3 32. Ke3 b6 33. Kf4 Rf1 34.
g4 h5 35. gxh5 gxh5 36. Kg3 Bf5 37. Nh4 Be6 38. Ng2 Bg4 39. Nh4 Rc1 40. Ne4 Re1
41. Nf2 Re3+ 42. Kf4 Re2 43. Nf5+ Kf7 44. Rxe2 Bxe2 45. Nd6+ Ke6 46. Nb5 Nxa2
47. Nxa7 Nc1 48. Nc8 b5 49. Ne4 Nxb3 50. cxb5 Bxb5 51. Ncd6 Bc6 52. Nc4 Kd5 53.
Ne3+ Kd4 54. Nf5+ Kd3 55. Nxc5+ Nxc5 56. Ng7 h4 57. Kg4 Ke4 58. Kxh4 Ke5 59. Kg5
Ne4+ 60. Kg6 Nd6 61. h4 Be4+ 62. Kg5 Nf7+ 63. Kg4 Bc2 64. Kg3 Nh6 65. Nh5 Bd1
66. Ng7 Bb3 67. Ne8 Ba4 68. Ng7 Bd7 69. Kf2 Kf6 70. Nh5+ Kf5 71. Ng3+ Kg4 72.
Ne4 Kxh4 73. Kf3 Bc6 74. Kf4 Nf7 75. Ng3 Ng5 76. Nf5+ Kh5 77. Ne7 Ba4 78. Kf5
Bc2+ 79. Kf4 Ne6+ 80. Ke5 Nf8 81. Nd5 Kg5 82. Ne3 Ng6+ 83. Kd4 Bb1 84. Nd5 Kf5
85. Ne3+ Ke6 86. Nc4 Ne7 87. Ne3 Nc6+ 88. Kc5 Ne5 89. Kd4 1/2-1/2

[Event "World Rapid Women 2022"]
[Site "Almaty KAZ"]
[Date "2022.12.28"]
[Round "11.7"]
[White "Garifullina, Leya"]
[Black "Shuvalova, Polina"]
[Result "1/2-1/2"]
[WhiteTitle "IM"]
[BlackTitle "IM"]
[WhiteElo "2357"]
[BlackElo "2502"]
[WhiteFideId "34127035"]
[BlackFideId "24171760"]
[EventDate "2022.12.26"]

1. e4 e5 2. Nf3 Nc6 3. Bb5 a6 4. Ba4 Nf6 5. O-O Be7 6. Re1 b5 7. Bb3 O-O 8. a4
Bb7 9. d3 d6 10. Bd2 Qd7 11. h3 h6 12. Na3 Nd8 13. c4 c6 14. axb5 axb5 15. cxb5
cxb5 16. Be3 Ne6 17. Qd2 Bd8 18. Qe2 Bc7 19. Bd2 Rfe8 20. Nc2 Rxa1 21. Nxa1 d5
22. Bc2 Nc5 23. exd5 Qxd5 24. Bc3 Nh5 25. d4 Nf4 26. Qe3 Nce6 27. dxe5 Nxg2 28.
Kxg2 Ng5 29. Bd1 Qe6 30. Rh1 Rd8 31. Be2 Qf5 32. Nb3 Bb6 33. Bd4 Bxd4 34. Nxd4
Rxd4 35. Qxd4 Nxf3 36. Qd8+ Kh7 37. Kf1 Nxe5 38. Rg1 Qb1+ 39. Qd1 Qxb2 40. Rg3
Bc6 41. Rb3 Qa2 42. Qb1+ Qxb1+ 43. Rxb1 Bd7 44. h4 g6 45. Bxb5 Bh3+ 46. Ke2 h5
47. f4 Ng4 48. Bc4 Nh6 49. Rb7 Kg7 50. Rb6 Bg4+ 51. Kf2 Nf5 52. Rb7 Nh6 1/2-1/2

[Event "World Rapid Women 2022"]
[Site "Almaty KAZ"]
[Date "2022.12.28"]
[Round "11.8"]
[White "Mammadova, Gulnar"]
[Black "Gong, Qianyun"]
[Result "1/2-1/2"]
[WhiteTitle "IM"]
[BlackTitle "WGM"]
[WhiteElo "2376"]
[BlackElo "2299"]
[WhiteFideId "13403508"]
[BlackFideId "8602425"]
[EventDate "2022.12.26"]

1. e4 e6 2. d4 d5 3. Nc3 Bb4 4. exd5 exd5 5. Bd3 Nc6 6. a3 Ba5 7. Ne2 Nge7 8.
O-O O-O 9. Na4 Bb6 10. c3 Bf5 11. Ng3 1/2-1/2

[Event "World Rapid Women 2022"]
[Site "Almaty KAZ"]
[Date "2022.12.28"]
[Round "11.9"]
[White "Bivol, Alina"]
[Black "Injac, Teodora"]
[Result "1-0"]
[WhiteTitle "IM"]
[BlackTitle "WGM"]
[WhiteElo "2364"]
[BlackElo "2365"]
[WhiteFideId "4100123"]
[BlackFideId "932400"]
[EventDate "2022.12.26"]

1. e4 e5 2. Nf3 Nc6 3. Bc4 Bc5 4. c3 Nf6 5. d4 exd4 6. cxd4 Bb4+ 7. Nbd2 d5 8.
exd5 Nxd5 9. O-O O-O 10. a3 Bxd2 11. Bxd2 Bg4 12. h3 Bh5 13. g4 Bg6 14. Rc1 Qd6
15. Qb3 Nf4 16. Bxf4 Qxf4 17. Qe3 Qd6 18. Rfe1 Rad8 19. d5 Nb8 20. Qxa7 Nd7 21.
Qd4 Nb6 22. Bb3 Nxd5 23. Bxd5 Qxd5 24. Qxd5 Rxd5 25. Rxc7 Rb5 26. b4 h6 27. Re3
Rb8 28. Ne5 Rb6 29. Nd7 1-0

[Event "World Rapid Women 2022"]
[Site "Almaty KAZ"]
[Date "2022.12.28"]
[Round "11.10"]
[White "Charochkina, Daria"]
[Black "Harika, Dronavalli"]
[Result "1-0"]
[WhiteTitle "IM"]
[BlackTitle "GM"]
[WhiteElo "2344"]
[BlackElo "2507"]
[WhiteFideId "4180917"]
[BlackFideId "5015197"]
[EventDate "2022.12.26"]

1. d4 g6 2. e4 Bg7 3. Nc3 d6 4. Be3 a6 5. Nf3 Nf6 6. Qd2 b5 7. Bd3 Bb7 8. Bh6
O-O 9. Bxg7 Kxg7 10. e5 dxe5 11. dxe5 Ng4 12. Qf4 Bxf3 13. Qxf3 Qd4 14. O-O-O
Nxf2 15. Qxa8 c6 16. Qb7 Nxd1 17. Rxd1 Qxe5 18. Qb6 c5 19. a3 c4 20. Be4 Qxh2
21. Qd4+ e5 22. Qd6 Qf4+ 23. Kb1 h5 24. Bb7 Qf6 25. Qc7 h4 26. Ne4 Qf4 27. Bd5
Qf5 28. Qe7 Qf4 29. Ng5 Qg4 30. Ne6+ Kh7 31. Nxf8+ Kh6 32. Rh1 1-0

[Event "World Rapid Women 2022"]
[Site "Almaty KAZ"]
[Date "2022.12.28"]
[Round "11.11"]
[White "Stefanova, Antoaneta"]
[Black "Balajayeva, Khanim"]
[Result "1-0"]
[WhiteTitle "GM"]
[BlackTitle "WGM"]
[WhiteElo "2442"]
[BlackElo "2379"]
[WhiteFideId "2902257"]
[BlackFideId "13406396"]
[EventDate "2022.12.26"]

1. d4 Nf6 2. Nf3 e6 3. e3 b6 4. Bd3 Bb7 5. O-O Be7 6. c4 O-O 7. Nc3 d5 8. cxd5
exd5 9. b3 c5 10. Bb2 Nc6 11. Rc1 cxd4 12. exd4 Re8 13. a3 Bd6 14. b4 a6 15. Na4
b5 16. Nc5 Bc8 17. h3 Nh5 18. Re1 Rxe1+ 19. Qxe1 Nf4 20. Bf1 Ne7 21. Ne5 Neg6
22. Rc3 h5 23. Rf3 Qg5 24. Bc1 Bxh3 25. Nxg6 Bxg2 26. Rg3 Qf6 27. Nxf4 Bxf1 28.
Nxh5 Qh4 29. Qxf1 Qxh5 30. Rg2 Re8 31. Be3 g6 32. Nd3 Re4 33. Qc1 Rh4 34. Kf1
Qf3 35. Rg1 Bh2 36. Ne1 Qh3+ 37. Rg2 Bd6 38. Qc6 Qe6 39. Ke2 Rxd4 40. Qxa6 Rc4
41. Kf1 d4 42. Bd2 Qd5 43. Qa7 Rc8 44. Qd7 Ra8 45. Qh3 Re8 46. Qd3 Be5 47. Nf3
Bg7 48. Rg5 Qd7 49. Kg2 Rb8 50. Qe4 Rd8 51. Qd3 Rb8 52. Bf4 Rb6 53. Bg3 Bf6 54.
Rc5 Rb7 55. Qe4 Rb6 56. Rd5 Qa7 57. Nxd4 Qxa3 58. Nf3 Re6 59. Qf4 Qa6 60. Rd6
Rxd6 61. Qxd6 Qa1 62. Qd5 Qa4 63. Qd6 Bg7 64. Bh4 Qa8 65. Qd8+ Qxd8 66. Bxd8 Bf8
67. Ba5 Bg7 68. Nd2 f5 69. Nb3 Kf7 70. Bb6 Bc3 71. Bc5 Ke6 72. Nd4+ Kd5 73. Nxb5
Be5 74. Kf3 g5 75. Ke2 g4 76. Kd3 g3 77. fxg3 Bxg3 78. Nc3+ Kc6 79. Kc4 f4 80.
b5+ Kd7 81. Ne4 Be1 82. Bf2 Ba5 83. Kd5 f3 84. Ng5 Kc7 85. Nxf3 Kb7 86. Ne5 Bd2
87. Nc4 Bc3 88. Nd6+ Kc7 89. Kc5 Be5 90. Nc4 Bf4 91. b6+ Kb8 92. Kc6 1-0

[Event "World Rapid Women 2022"]
[Site "Almaty KAZ"]
[Date "2022.12.28"]
[Round "11.12"]
[White "Girya, Olga"]
[Black "Assaubayeva, Bibisara"]
[Result "1/2-1/2"]
[WhiteTitle "GM"]
[BlackTitle "IM"]
[WhiteElo "2398"]
[BlackElo "2440"]
[WhiteFideId "4195752"]
[BlackFideId "13708694"]
[EventDate "2022.12.26"]

1. d4 Nf6 2. Nf3 g6 3. e3 Bg7 4. Be2 O-O 5. O-O d6 6. b3 e5 7. dxe5 Ng4 8. Bb2
Nd7 9. c4 Ngxe5 10. Nxe5 dxe5 11. b4 a5 12. a3 Qe7 13. Qb3 c6 14. Nc3 e4 15.
Rfd1 f5 16. Na4 Ne5 17. Nb6 Rb8 18. Nxc8 Rbxc8 19. bxa5 Ra8 20. Bc3 f4 21. exf4
Rxf4 22. Bd2 Rf7 23. Rab1 Raf8 24. Be3 Qh4 25. c5 Kh8 26. Rd2 Rxf2 27. Bxf2
Qxf2+ 28. Kh1 e3 29. Ra2 Ng4 30. Bf3 Rxf3 31. Rxf2 Rxf2 32. h3 e2 33. hxg4 Rf1+
34. Kh2 Rxb1 35. Qxb1 Bc3 36. a6 bxa6 37. Qb8+ Kg7 38. Qc7+ Kf8 39. Qd8+ Kf7 40.
Qd7+ Kf8 41. Qd6+ Kf7 42. Qc7+ Kf8 43. Qf4+ Kg7 44. Qc7+ Kf8 45. Qb8+ Kg7 46.
Qc7+ Kf8 47. Qb8+ Kg7 48. Qc7+ 1/2-1/2

[Event "World Rapid Women 2022"]
[Site "Almaty KAZ"]
[Date "2022.12.28"]
[Round "11.13"]
[White "Munkhzul, Turmunkh"]
[Black "Mammadzada, Gunay"]
[Result "1-0"]
[WhiteTitle "WIM"]
[BlackTitle "IM"]
[WhiteElo "2318"]
[BlackElo "2472"]
[WhiteFideId "4901878"]
[BlackFideId "13403729"]
[EventDate "2022.12.26"]

1. e4 c5 2. Nc3 d6 3. Nf3 Nf6 4. d4 cxd4 5. Nxd4 a6 6. Be3 e5 7. Nb3 Be6 8. f3
h5 9. Nd5 Bxd5 10. exd5 Nbd7 11. Qd2 Qc7 12. O-O-O Rc8 13. Kb1 Be7 14. g3 b5 15.
Bh3 Bd8 16. f4 Ng4 17. fxe5 dxe5 18. d6 Qc4 19. Rhe1 O-O 20. Bg1 a5 21. Bg2 Ngf6
22. Bb7 Rb8 23. Bg2 b4 24. Ba7 Rc8 25. Bb7 a4 26. Bxc8 Qxc8 27. Nc1 Qb7 28. Bg1
a3 29. Nd3 Ba5 30. b3 Ne4 31. Rxe4 Qxe4 32. Nc5 Qg4 33. Nxd7 Qxd7 34. Qd5 Bd8
35. Bc5 Ba5 36. Bf2 Bd8 37. Be1 Re8 38. Bxb4 e4 39. Re1 e3 40. Qd3 Qa7 41. Qb5
Re4 42. Bc5 Qa8 43. Qd3 e2 44. Bxa3 Qxa3 45. Qxe4 Bf6 46. c3 Bxc3 47. Rxe2 Qxd6
48. Qc2 1-0

[Event "World Rapid Women 2022"]
[Site "Almaty KAZ"]
[Date "2022.12.28"]
[Round "11.14"]
[White "Arabidze, Meri"]
[Black "Sultanbek, Zeinep"]
[Result "1-0"]
[WhiteTitle "IM"]
[BlackTitle "WIM"]
[WhiteElo "2427"]
[BlackElo "1891"]
[WhiteFideId "13604040"]
[BlackFideId "13710419"]
[EventDate "2022.12.26"]

1. d4 Nf6 2. c4 e6 3. Nf3 b6 4. g3 Ba6 5. Qa4 Be7 6. Bg2 O-O 7. O-O d5 8. Ne5 c5
9. dxc5 bxc5 10. Nc3 Bd6 11. cxd5 Bxe5 12. dxe6 Bxc3 13. bxc3 Nd5 14. e7 Qxe7
15. Bxd5 Qxe2 16. c4 Rd8 17. Bxa8 Bxc4 18. Bg5 Re8 19. Bf3 Qe6 20. Rfd1 a6 21.
Qxe8+ Qxe8 22. Rd8 Qxd8 23. Bxd8 1-0

[Event "World Rapid Women 2022"]
[Site "Almaty KAZ"]
[Date "2022.12.28"]
[Round "11.15"]
[White "Nurgaliyeva, Zarina"]
[Black "Danielian, Elina"]
[Result "0-1"]
[WhiteTitle "WFM"]
[BlackTitle "GM"]
[WhiteElo "2013"]
[BlackElo "2431"]
[WhiteFideId "13730096"]
[BlackFideId "13300210"]
[EventDate "2022.12.26"]

1. e4 d6 2. d4 g6 3. Nc3 Bg7 4. Bc4 a6 5. a4 Nd7 6. Nf3 e6 7. Be3 b6 8. h4 h6 9.
h5 g5 10. d5 Ne5 11. Nxe5 Bxe5 12. Bd4 Qf6 13. Ne2 Ne7 14. Bxe5 Qxe5 15. Qd4
exd5 16. Qxe5 dxe5 17. exd5 Bb7 18. O-O-O O-O-O 19. Nc3 Nf5 20. Rhe1 Rhe8 21.
Ba2 Nd6 22. Rd2 Re7 23. f3 f5 24. Rde2 Rde8 25. Nd1 Kd7 26. b4 a5 27. bxa5 bxa5
28. c4 Ba6 29. Rc2 e4 30. Nb2 exf3 31. Rxe7+ Rxe7 32. gxf3 Re1+ 33. Kd2 Rh1 34.
Nd3 Rh2+ 35. Kc3 Rxc2+ 36. Kxc2 Ke7 37. Kc3 g4 38. fxg4 fxg4 39. Ne5 g3 40. c5
Ne4+ 41. Kd4 Ng5 42. Ke3 Bc8 43. Nf3 Nh3 44. Bb1 g2 45. Kd4 Bg4 0-1